Az Y és Z generáció művelődési szokásai Albertirsán a Móra Ferenc Művelődési Ház és Könyvtáron keresztül vizsgálva

Bibliográfiai részletek
Szerző: Motyovszki Noémi
További közreműködők: Czipperer Zsófia Petra
Dokumentumtípus: Diplomadolgozat
Kulcsszavak:ifjúság
közművelődés
művelődés
Y generáció
Z generáció
Online Access:http://dolgozattar.uni-bge.hu/59491

MARC

LEADER 00000nta a2200000 i 4500
001 dolg59491
005 20260409145133.0
008 260409suuuu hu om 000 hun d
040 |a BGE Dolgozattár Repozitórium  |b hun 
041 |a hu 
100 1 |a Motyovszki Noémi 
245 1 3 |a Az Y és Z generáció művelődési szokásai Albertirsán a Móra Ferenc Művelődési Ház és Könyvtáron keresztül vizsgálva  |c Motyovszki Noémi  |h [elektronikus dokumentum] 
520 3 |a Szakdolgozatomban az albertirsai Y és Z generációba tartozó lakosok művelődési szokásait és igényeiket mértem fel. A szakirodalom és a történelmi, törvényi háttér áttekintése után primer kutatás keretein belül készítettem két interjút. Interjúalanyaim a Móra Ferenc Művelődési Ház és Könyvtár jelenlegi intézményvezetője, valamint korábbi megbízott igazgatója volt, aki jelenleg művelődésszervezőként dolgozik a művelődési házban. Online kérdőíves formában pedig a helyi Y és Z generációkba tartozó lakosokat kérdeztem meg 22 kérdésből álló kérdéssorral. A kutatás során külön felmértem, hogy milyen programokra lennének kíváncsiak a helyiek. 
695 |a ifjúság 
695 |a közművelődés 
695 |a művelődés 
695 |a Y generáció 
695 |a Z generáció 
700 1 |a Czipperer Zsófia Petra  |e ths 
856 4 0 |u http://dolgozattar.uni-bge.hu/59491/1/Motyovszki_No%C3%A9mi_Szakdolgozat_2025.pdf  |z Dokumentum-elérés 
856 4 0 |u http://dolgozattar.uni-bge.hu/59491/2/Motyovszki%20No%C3%A9mi_b%C3%ADr%C3%A1lat.pdf  |z Dokumentum-elérés 
856 4 0 |u http://dolgozattar.uni-bge.hu/59491/3/Motyovszky%20No%C3%A9mi%20%C3%A9rt%C3%A9kel%C3%A9s.pdf  |z Dokumentum-elérés